Rethinking the color line : readings in race and ethnicity /

Spremljeno u:
Bibliografski detalji
Daljnji autori: Gallagher, Charles A. 1962-
Format: Nepoznato
Jezik:English
Izdano: Boston : McGraw-Hill, c2007.
Izdanje:3rd ed.
Teme:
Oznake: Dodaj oznaku
Bez oznaka, Budi prvi tko označuje ovaj zapis!
Thư viện lưu trữ: Mạng thư viện Đại học Đà Nẵng
LEADER 01238ca a2200337 4500
001 000030737
003 4440
005 20241009154658.0
008 151001s2007 000 eng
020 |a 9780073135748 
040 |a lnn  |c lnn  |d lnn 
041 |a eng 
082 0 0 |a 305.800973  |b RE-T 
245 0 0 |a Rethinking the color line :  |b readings in race and ethnicity /  |c [edited by] Charles A. Gallagher. 
250 |a 3rd ed. 
260 |a Boston :  |b McGraw-Hill,  |c c2007. 
300 |a xxiii, 616 p. :  |b ill. ;  |c 24 cm. 
504 |a Includes bibliographical references. 
651 0 |a United States  |x Race relations. 
651 0 |a United States  |x Ethnic relations. 
650 0 |a Minorities  |x Civil rights  |z United States. 
700 1 |a Gallagher, Charles A.  |q (Charles Andrew),  |d 1962- 
OWN |a LNN 
AVA |a UDN50  |b LNN  |c English  |d 305.800973RE-T  |e available  |t Error 5001 Not defined in file expand_doc_bib_avail.  |f 1  |g 0  |h N  |i 0  |j AN 
999 |a From the UDN01 
AVA |a UDN50  |b LNN  |c English  |d 305.800973RE-T  |e available  |t Error 5001 Not defined in file expand_doc_bib_avail.  |f 1  |g 0  |h N  |i 0  |j AN 
TYP |a Printed language 
980 |a Mạng thư viện Đại học Đà Nẵng